Physical Metallurgy /

Gespeichert in:
Bibliographische Detailangaben
Weitere Verfasser: Cahn, Robert W (Herausgegeben von)
Format: Buch
Sprache:Englisch
Veröffentlicht: Amsterdam : North-Holland, 1974
Schlagworte:
Tags: Tag hinzufügen
Keine Tags, Fügen Sie das erste Tag hinzu!

MARC

LEADER 00000nam a22000003a 4500
001 stu225908
005 20150617230147.4
008 110526s1996----ne------------------eng-d
040 |a STU  |b slo 
041 0 |a eng 
044 |a ne 
080 |a 669 
100 1 |a Cahn, Robert W  |4 edt 
245 1 |a Physical Metallurgy /  |c Ed.: Cahn, R.W. 
260 |a Amsterdam :  |b North-Holland,  |c 1974 
300 |a 23, 1333 s 
650 7 |a physical  |2 estusub 
996 |b E35256  |c E*35256  |l EE10  |s P  |a 0  |w stu225908_0001